000 00812cam a22002777a 4500
003 CHAP
005 20220329141406.0
008 971013s1980 r 00010 d
010 _a67425
011 _a68397
035 _a77869
040 _cCHAP
082 _a630.9727
_bD5
245 0 _aDistrito de Temporal de Tehuacán
260 _aMéxico, D.F. :
_bLa Coordinación,
_c1980
300 _a170 p. mapas, gráfs.
500 _aFotocopia
590 _aBATCH-UPD
_b10
_c20130109
_lUCH01
_h2326
590 _aBATCH-UPD
_b10
_c20130110
_lUCH01
_h1139
590 _aCONVERSION
_b10
_c20130109
_lUCH01
_h1337
650 1 4 _aAgricultura
_xPuebla.
_91775
650 1 4 _aDistrito de Temporal No. 6.
_932964
901 _aBK
942 _cLIBRO
949 _a630.9727 D5
_bBC
_cLIBRO
_d-30742
_eLIBRO
_fD A. 72926
_i77869
_si
999 _c67425
_d67425